000
00284nam a2200121Ia 4500
005
20260326235451.0
008
260326s9999||||xx |||||||||||||| ||und||
100
_a
Gigante, Jose
245
0
_a
Wood Design /
_c
Jose Gigante
260
_b
Daab
650
_a
ARQUITECTURA CIVIL
942
_c
BK
999
_c
7759
_d
7759